First Pokémon by Type Combination: Ghost - Statistics

General Stats
  • This quiz has been taken 94 times
    47 since last reset
  • The average score is 15 of 17
Answer Stats
Type combination Pokédex # Pokémon Region % Correct
Ghost / Poison 0092 Gastly Kanto
100%
Pure Ghost 0200 Misdreavus Johto
95%
Ghost / Ice 0478 Froslass Sinnoh
92%
Ghost / Dragon 0487 Giratina Sinnoh
92%
Ghost / Flying 0425 Drifloon Sinnoh
89%
Ghost / Electric 0479 Rotom Sinnoh
89%
Ghost / Bug 0292 Shedinja Hoenn
89%
Ghost / Normal 0570 Zorua Hisui
87%
Ghost / Fire 0105 Marowak Alola
84%
Ghost / Fighting 0802 Marshadow Alola
84%
Ghost / Fairy 0778 Mimikyu Alola
84%
Ghost / Dark 0302 Sableye Hoenn
84%
Ghost / Water 0592 Frillish Unova
82%
Ghost / Grass 0708 Phantump Kalos
79%
Ghost / Ground 0562 Yamask Galar
79%
Ghost / Steel 0679 Honedge Kalos
76%
Ghost / Psychic 0720 Hoopa Kalos
63%
No matching quizzes found
Score Distribution
Percent of People with Each Score
Percentile by Number Answered
Your Score History
You have not taken this quiz since the last reset